000 00701nam a22002657a 4500
005 20260317160553.0
008 161005b2015 xxu||||| |||| 00| 0 spa d
020 _a9789871984169
041 _aESP
082 _a364.155.53 P659a
100 _aPiñuel, Iñaki
_924424
245 _aAmor zero
260 _aArgentina
260 _bEditorial SB
260 _c2015
300 _a286 páginas
490 _aInvestigación Criminal
650 _aVIOLENCIA DE PAREJA
650 _aRELACIONES DE PAREJA
650 _aMENTE PSICÓPATA
650 _aPERSONALIDADES PSICÓPATAS
650 _aMALTRATO PSICOLÓGICO
650 _aSÍNDROME DE ESTRÉS POSTRAUMÁTICO COMPLEJO
942 _cLIT
_2ddc
999 _c8485
_d8485